00558nam a2200181 a 450000500170000000800410001702000180005805000220007610000210009824500700011925000120018926000400020130000350024150000280027652100080030465000430031270000210035520140310183607.0120705s19uu xx 00 eng d a9789749823972 aRT 55b.R266 2007 aRayfield, Sylvia aNCLEX-RN 101 :bhow to pass! /cSylvia Rayfield, Loretta Manning. a6th ed. aGulf Shores, AL :bICAN Pub,c2007. aviii, 231 p. :bill. ;c25 cm. aIncludes index and 1 CD aNUR aNursingxExaminations, questions, etc. aManning, Loretta